| 000 | 00525nam a2200181Ia 4500 | ||
|---|---|---|---|
| 008 | 220216s9999 xx 000 0 und d | ||
| 100 | _aRosyid M J | ||
| 245 | 0 | _aEffect of cropping systems and terrace types on soil erosion and runoff at smallholder rubber | |
| 260 |
_bIndonesian Journal of Natural Rubber Research _c1995 |
||
| 300 | _a219-222 | ||
| 650 | _aCropping system | ||
| 650 | _aErosion | ||
| 650 | _aHevea brasiliensis | ||
| 650 | _aIntercropping | ||
| 700 | _aThomas | ||
| 700 | _aWibawa G | ||
| 942 | _cJS | ||
| 999 |
_c57766 _d57766 |
||